| 000 | 01096pam a2200277 a 4500 | ||
|---|---|---|---|
| 001 | 3922063 | ||
| 005 | 20260312183538.0 | ||
| 008 | 920226s1993 nyua b 001 0 eng | ||
| 020 |
_a1560242574 _qacid-free paper |
||
| 020 |
_a1560242779 _qpbk. : acid-free paper |
||
| 020 |
_a9781560242574 _q(acid-free paper) |
||
| 020 |
_a9781560242772 _q(pbk. : acid-free paper) |
||
| 050 | 0 | 0 |
_aHN90.C6 _bC6625 1993 |
| 082 | 0 | 0 |
_a307.1/4/0973 _220 |
| 245 | 0 | 0 |
_aCommunity organization and social administration : _badvances, trends, and emerging principles / _cTerry Mizrahi, John Morrison, editors. |
| 260 |
_aNew York : _bHaworth Press, _cc1993. |
||
| 300 |
_a251 p. : _bill. ; _c23 cm. |
||
| 500 | _a"Supplement #4 to Administration in social work." | ||
| 650 | 0 |
_aCommunity development _zUnited States. |
|
| 650 | 0 |
_aSocial work administration _zUnited States. |
|
| 650 | 0 |
_aCommunity organization _zUnited States. |
|
| 700 | 1 | _aMizrahi, Terry. | |
| 700 | 1 | _aMorrison, John D. | |
| 856 | 4 | 2 |
_3Publisher description _uhttp://www.loc.gov/catdir/enhancements/fy0810/92008960-d.html |
| 942 |
_2lcc _cBK _n0 |
||
| 999 |
_c8995 _d8995 |
||